Statistiques concernant Focus sur: Cho Chang - Harry Potter

Cliquez ici pour prendre le quiz!

Statistiques générales

  • Ce quiz a été pris 425 fois
  • Le résultat moyen est 8 sur 9

Statistiques - réponses

Informations recherchéesRéponses% Correct
Lieu de rencontre avec Harry PotterPoudlard
100%
Ecole fréquentéePoudlard
100%
Maison fréquentéeSerdaigle
100%
Poste occupé au QuidditchAttrapeur
98%
Couleur des cheveuxNoir
98%
Statut du sangSang-Pur
97%
Première apparitionHarry Potter et le prisonnier d'Azkaban
92%
PatronusCygne
66%
Actrice l'interprétant dans les filmsKatie Leung
39%

Distribution des résultats

Percentile par nombre de réponses

% des personnes avec chaque résultat

Votre développement - résultats

Vous n’avez pas pris ce quiz